000 00225nam a22000977a 4500
040 _cFIZZA ISHAQ
082 _a616.89
_bLEE
100 _aHOFF,ANN LEE.
_9133684
245 _aPEOPLE IN CRISIS /
_cLEE ANN HOFF.
942 _2ddc
_cBK
999 _c616648
_d616648